[Event "Wch U16 Girls"]
[Site "Florianopolis"]
[Date "2024.11.06"]
[Round "8"]
[White "Rodrigues, Emanuela Isabele"]
[Black "Field, Rowan Soraya"]
[Result "0-1"]
[WhiteElo "1633"]
[BlackElo "1893"]
[PlyCount "118"]
[EventDate "2024.10.29"]
[EventType "swiss"]
[EventRounds "11"]
[EventCountry "BRA"]
[SourceTitle "CB45_2024"]
[Source "ChessBase"]
[SourceDate "2024.11.06"]
[SourceVersion "1"]
[SourceVersionDate "2024.11.06"]
[SourceQuality "1"]

1. d4 Nf6 2. c4 g6 3. Nc3 Bg7 4. e4 0-0 5. f3 d6 6. Nge2 a6 7. Be3 b5 8. cxb5 axb5 9. Nxb5 c6 10. Nbc3 Ba6 11. Ng3 Bxf1 12. Kxf1 Qb6 13. Qe2 Nbd7 14. Kf2 Rfb8 15. Rab1 h5 16. Rhd1 Qb4 17. a3 Qa5 18. Ra1 Rb3 19. Qc2 Rab8 20. Rab1 e5 21. Nce2 Qb5 22. Rd2 c5 23. d5 Rxe3 24. Kxe3 Bh6+ 25. Kf2 Bxd2 26. Qxd2 c4 27. Qe3 Nc5 28. Nf5 Ncxe4+ 29. Kg1 gxf5 30. fxe4 Nxe4 31. Ng3 Nxg3 32. hxg3 Qxd5 33. Qg5+ Kf8 34. Qxh5 Qd4+ 35. Kh2 Ke7 36. Qg5+ Ke6 37. Qh6+ f6 38. Qh5 e4 39. Rf1 Qe5 40. Rf2 Rg8 41. Kg1 d5 42. Qh7 Rxg3 43. Qh8 Kf7 44. Qh7+ Rg7 45. Qh5+ Ke6 46. Qe8+ Re7 47. Qg8+ Kd6 48. Qd8+ Rd7 49. Qf8+ Qe7 50. Qb8+ Ke6 51. Qf4 Qh7 52. Qb8 Ke7 53. Qb4+ Kf7 54. Qb5 Kg6 55. Qc6 Qf7 56. Qc8 d4 57. Qh8 d3 58. g4 fxg4 59. Rh2 Kf5 0-1

[Event "Wch U16 Girls"]
[Site "Florianopolis"]
[Date "2024.10.31"]
[Round "3"]
[White "Bagley, Saadhika"]
[Black "Rodrigues, Emanuela Isabele"]
[Result "0-1"]
[WhiteElo "1461"]
[BlackElo "1633"]
[PlyCount "78"]
[EventDate "2024.10.29"]
[EventType "swiss"]
[EventRounds "11"]
[EventCountry "BRA"]
[SourceTitle "CB45_2024"]
[Source "ChessBase"]
[SourceDate "2024.11.06"]
[SourceVersion "1"]
[SourceVersionDate "2024.11.06"]
[SourceQuality "1"]

1. e4 c6 2. d4 d5 3. Nc3 dxe4 4. Nxe4 Nf6 5. Nxf6+ exf6 6. c3 Bd6 7. Bd3 0-0 8. Qc2 Re8+ 9. Ne2 h5 10. Be3 Be6 11. 0-0-0 Qa5 12. b3 Qc7 13. Kb1 b5 14. h3 a5 15. g4 Bd5 16. Rhg1 Bh2 17. Rge1 hxg4 18. hxg4 g6 19. Bc1 Bd6 20. Rg1 Na6 21. f4 a4 22. b4 Bxb4 23. cxb4 Nxb4 24. Qb2 Nxd3 25. Rxd3 Be4 26. Qd2 Qe7 27. Re1 Bxd3+ 28. Ka1 Bxe2 29. Qc3 b4 30. Qxc6 Ra6 31. Qg2 Qe4 32. Qg1 Rd6 33. f5 Qxd4+ 34. Qxd4 Rxd4 35. fxg6 fxg6 36. Rg1 Rxg4 37. Rh1 a3 38. Bd2 Rd8 39. Bxb4 Rxb4 0-1